Dynamika vlastných nákladov v závislosti od zmeny objemu výroby
Saved in:
| Main Author: | |
|---|---|
| Format: | Book |
| Language: | Slovak |
| Published: |
Bratislava
SVTL
1965
|
| Tags: |
No Tags, Be the first to tag this record!
|
MARC
| LEADER | 00000nam a2200000 4500 | ||
|---|---|---|---|
| 001 | c122913 | ||
| 005 | 20250522122946.4 | ||
| 041 | 0 | |a slo | |
| 044 | |a SK | ||
| 245 | 1 | 0 | |a Dynamika vlastných nákladov v závislosti od zmeny objemu výroby |c Siegfried Tannhäuser |
| 264 | 1 | |a Bratislava |b SVTL |c 1965 | |
| 300 | |a 234 s. | ||
| 100 | 1 | |a Tannhäuser, Siegfried | |